NBA Mascots - Sudden Death - Statistics

General Stats
  • This quiz has been taken 238 times
  • The average score is 5 of 15
Answers on the Grid
Answers color-coded by a green-red scale on the quiz's grid according to % correct below.
Benny the Bull
The Coyote
Mighty Red
Clutch
Stuff the Magic Dragon
Filbert Fox
Blitz
Pierre the Pelican
Pete the Eagle
Burnie
Harry the Hawk
Squatch
Captain Fear
Lucky the Leprechaun
The Suns Gorilla
Gunnersaurus
Hip Hop
Billy the Badger
Wolfie and Wendy Wolf
Buzz Bee
Rocky the Mountain Lion
Sammy and Mary Saint
Hugo
Rampage
Billy Buffalo
Stir C.C.
Sir Purr
Blue
K.C. Wolf
Bango
 
Answer Stats
Answer % Correct
Benny the Bull
95%
Pierre the Pelican
52%
Harry the Hawk
49%
Stuff the Magic Dragon
48%
The Suns Gorilla
46%
Lucky the Leprechaun
41%
The Coyote
39%
Clutch
25%
Rocky the Mountain Lion
24%
Bango
14%
Burnie
14%
Squatch
7%
Hugo
6%
Hip Hop
5%
Stir C.C.
3%
No matching quizzes found
Score Distribution
Percent of People with Each Score
Percentile by Number Answered
Your Score History
You have not taken this quiz